Guess the 1960s song lyrics #355 - Statistics

General Stats
  • This quiz has been taken 12 times
  • The average score is 135 of 164
Answer Stats
Answer % Correct
be
100%
do
100%
I
100%
let
100%
love
100%
me
100%
the
100%
to
100%
When
100%
You
100%
you
100%
are
90%
can
90%
Don't
90%
in
90%
In
90%
it
90%
know
90%
last
90%
My
90%
my
90%
need
90%
say
90%
Say
90%
see
90%
this
90%
This
90%
want
90%
with
90%
your
90%
And
80%
each
80%
guy
80%
guy's
80%
heart
80%
other
80%
so
80%
way
80%
We
80%
you're
80%
at
70%
How
70%
If
70%
I'll
70%
I'm
70%
is
70%
I've
70%
make
70%
mine
70%
not
70%
now
70%
tell
70%
Tell
70%
They
70%
well
70%
what
70%
Who
70%
Yes
70%
breaking
60%
cause
60%
die
60%
got
60%
hands
60%
Herb Alpert
60%
I'd
60%
looks
60%
show
60%
smile
60%
very
60%
fine
50%
keep
50%
shaking
50%
some
50%
think
50%
just
40%
glad
30%
heard
30%
talk
30%
No matching quizzes found
Score Distribution
Percent of People with Each Score
Percentile by Number Answered
Your Score History
You have not taken this quiz